00368 a2200121 4500001001000000005001700010008004100027245007200068100002100140700002200161773004600183999001700229ART_4547320260410162040.0260409a 10aLa opción del "devengado exigible" en el impuesto a las ganancias1 aBalán, Osvaldo1 aBello, Alberto M.0 tImpuestosg- Nº 24 (mar. 2018)wREV45175 c34827d34827